00710nam a2200229 a 450000500170000000800410001701000140005802000260007202000230009803500130012103700150013404000180014908200120016710000300017924500610020926000510027027000430032130000290036450000190039365000340041265000340044620080530172718.0080118s2009 maua b 001 0 eng  aENG-91777 a9780070252844c525.00 a007025284Xc525.00 aEN-75310 bDBAD / PUB adplbEnglish  a005.432 aPetersen, Richard, 1949-  aUbuntu : cby Richard Petersenbthe complete reference / aNew Delhi bTata McGraw-Hill Publishing c2009 a7 West Patel NagarbNew Delhi e110008 axxx, 722p. c26 cm (pbk) aIncludes index aUbuntu (Electronic resources) aOperating systems (Computers)